000 01165nam0a2200373 4500
001 RU\NLR\bibl\405235
005 20250622165456.0
010 _a5-7654-2539-9
_93000
021 _aRU
_b2003-19562
_9897
035 _a(NLR Aleph) 000399365
090 _a565325
_c565325
100 _a20030530d2003 |||y0rusy50 ca
101 1 _arus
_ceng
102 _aRU
105 _ay |||||||||
200 1 _aКак создать успешную рекламу
_e[Пер. с англ.]
_fЭ.Д. Фарби
205 _a[3-е изд.]
210 _aСПб.
_cНева
_cНева экономикс
_aМ.
_cОЛМА-ПРЕСС
_d2003
215 _a253, [1] с.
_d26
225 1 _aСовременный бизнес
320 _aБиблиогр. в конце кн.
606 0 _aРеклама
_9997735
_3RU\NLR\auth\6660116
610 0 _aРеклама
675 _a659
_v3
_zrus
686 _a19
_2rugasnti
686 _a76.006.5
_2rubbk
686 _aУ5-803.81
700 1 _aФарби
_bЭ. Д.
_4070
801 0 _aRU
_bRKP
_c20030530
_gPSBO
801 1 _aRU
_bRKP
_c20030530
801 2 _aRU
_bNLR
_c20030627
_grcr
942 _cBOOK
980 _aNB